000 00577nam a2200229Ia 4500
001 229
005 20251203123020.0
008 251203t2001||||xx |||||||||||||| ||spa||
020 _a8449414334
041 _aESP
082 _aRD 920
_bO28
110 _aOcéano Grupo Editorial
245 0 _aDiccionario de biografías
_b
260 _aBarcelona :
_bOcéano,
_c2001
300 _a1071 páginas :
_b ilustraciones ;
_c 26 cm.
_e
440 _a
_n
_v
500 _aCD-ROM
650 _aGEH
653 _aBiografías - Diccionario
654 _aCTP
942 _cDIC
_dJUS
_fTRC
_2ddc
_n
999 _c229
_d229